Дело о выкупе земельных наделов временнообязанными крестьянами В.Я. и ее детей А.А., С.А., А.А., Е.А., В.А. и О.А. Оловениковых ...

Доступно только в Электронных читальных залах Найти на картеНа карте
RUSMARC
00004103nmc2a2200000 x 450
0016a081a46-b5b7-424a-afff-b6a783ef1940
00520160812113557.0
100##$a20140402l18831884k l0rusy0189 ca
1010#$arus
102##$aRU
2001#$aДело о выкупе земельных наделов временнообязанными крестьянами В.Я. и ее детей А.А., С.А., А.А., Е.А., В.А. и О.А. Оловениковых сельца Булгакова (Некрасова) Орловского уезда Орловской губернии
$j21 июня 1883 г. - 8 августа 1884 г.
251##$cДело
300##$aДело
300##$aОриг. заголовок дела: Дело Оловяниковых В.Я. и ее детей А.А., С.А., А.А., Е.А., В.А. и О.А. Орловской губернии Орловского уезда сельца Булгакова (Некрасова). 21 июня 1883 г. - 8 августа 1884 г
801#0$aRU
$bРГИА
$c20140402
$gRCR
801#1$aRU
$bГлавНИВЦ
$c20140402
$2rusmarc
801#2$aRU
$bПБ им. Б.Н. Ельцина
$c20160812
$gRCR
$2rusmarc
850##$aРГИА
852##$aРГИА
$eФедеральное казенное учреждение "Российский государственный исторический архив" (РГИА)
$j2509
937##$hРГИА
$d11078465
$aASBIBLIO_SCAN
462#0$10012327ab3a-0548-404e-b4cb-e37355ac5039
$12001
$a1863-1889 гг.
$1251
$cОпись
$1852
$j26
461#0$10018ef30ad5-ff5c-4840-a721-74c62a200f95
$12001
$aГлавное выкупное учреждение Министерства финансов
$1251
$cФонд
$1852
$j577
215##$a53 л.
$d36,5х26 см
371##$aДокумент не является опубликованным и широко распространяемым
105##$ay###
1222#$ad
5171#$aДело Оловяниковых В.Я. и ее детей А.А., С.А., А.А., Е.А., В.А. и О.А. Орловской губернии Орловского уезда сельца Булгакова (Некрасова). 21 июня 1883 г. - 8 августа 1884 г.
035##$a6a081a46-b5b7-424a-afff-b6a783ef1940
Формат отображения